000 00285nam a22001457a 4500
020 _a81-8022-007-9
082 _a920
_bDEO/E
100 _aDEO,SUBHASH G.
245 _aEDISON
250 _aFIRST
260 _aDELHI
_c2003
300 _a90
650 _aBIOGRAPHY
_zDELHI
942 _cBK
999 _c6382
_d6382